The Third Sex and Human Rights (Record no. 17800)
[ view plain ]
| 000 -LEADER | |
|---|---|
| fixed length control field | 00660nam a2200241Ia 4500 |
| 005 - DATE AND TIME OF LATEST TRANSACTION | |
| control field | 20231121100217.0 |
| 008 - FIXED-LENGTH DATA ELEMENTS--GENERAL INFORMATION | |
| fixed length control field | 131103s9999 xx 000 0 und d |
| 020 ## - ISBN | অাই এস বি এন | |
| ISBN | অাই এস বি এন | 8121202663 |
| PRICE | Rs 125 |
| 040 ## - CATALOGING SOURCE | |
| Original cataloging agency | Loreto College |
| 041 ## - LANGUAGE CODE | |
| Language code | English |
| 082 ## - DDC | ডিউই | |
| Classification number | বর্গসংখ্যা | 323 |
| Book Number | গ্রন্থাঙ্ক | TAL |
| 100 ## - MAIN ENTRY--PERSONAL NAME | মুখ্য সংলেখ - ব্যাক্তিনাম | |
| Personal name | ব্যাক্তিনাম | Talwar, Rajesh |
| 245 #4 - TITLE STATEMENT | অাখ্যা বিবরণী | |
| Title | অাখ্যা | The Third Sex and Human Rights |
| Statement of responsibility | লেখকের দায়িত্বের বিবরণ | Rajesh Talwar |
| 260 ## - IMPRINT | প্রকাশনা ক্ষেত্র | |
| Place of publication | প্রকাশ স্থান | New Delhi |
| Name of publisher | প্রকাশকের নাম | Gyan Publishing House |
| Date of publication | প্রকাশ কাল | 1999 |
| 300 ## - PHYSICAL DESCRIPTION | | |
| Page / Vol. No | পৃষ্ঠা / খন্ড সংখ্যা | 216p |
| 504 ## - BIBLIOGRAPHY, ETC. NOTE | |
| Bibliography, etc | Includes bibliography and index |
| 630 ## - SUBJECT ADDED ENTRY--UNIFORM TITLE | |
| Uniform title | Gender Studies |
| 630 ## - SUBJECT ADDED ENTRY--UNIFORM TITLE | |
| Uniform title | Third Sex Studies |
| 650 ## - SUBJECT ADDED ENTRY--TOPICAL TERM | বিষয় শিরোনাম - মূল বিষয় | |
| Topical term | মূল বিষয় | Human Rights and the Third Sex |
| 651 ## - SUBJECT ADDED ENTRY--GEOGRAPHIC NAME | বিষয় শিরোনাম - ভৌগলিক নাম | |
| Geographic name | ভৌগলিক বিষয় | Transsexual Studies |
| 850 ## - HOLDING INSTITUTION | |
| Holding institution | LCLIB |
| 942 ## - ADDED ENTRY ELEMENTS (KOHA) | |
| Koha item type | Books |
| Withdrawn status | Lost status | Source of classification | Damaged status | Not for loan | Home library | Current library | Date acquired | Total Checkouts | Full call number | Accession No. | Date last seen | Date checked out | Price effective from | Koha item type | Coded location qualifier |
|---|---|---|---|---|---|---|---|---|---|---|---|---|---|---|---|
| Dewey Decimal Classification | Loreto College | Loreto College | 04/11/2013 | 1 | 323 TAL 45850 | B18245 | 02/12/2013 | 25/11/2013 | 04/11/2013 | Books |